000 00916nam a2200205Ia 4500
001 15671
003 GE_BSU
008 181216s||||||||xx |||||||||||||| ||und||
040 _cGE_BSU
080 _a821.353.1(ჰაგიოგრ.)+ 821.353.1-97
100 _aიაკობ ცურტაველი
245 _aშუშანიკის წამება
245 _cტექსტი გამოსაც. მოამზადეს, ლექსიკონი და გამოკვლევა დაურთეს ზურაბ სარჯველაძემ და ელგუჯა გიუნაშვილმა] ; რედ.: ე. გაბიძაშვილი.
260 _aთბილისი
260 _bგანათლებ
260 _c1990
300 _a69 გვ. ; 21 სმ
653 _aშუშანიკის წამება
942 _cBK
999 _c48770
_d48770